000
00304 a2200133 4500
001
48737
020
_a
85-7520-055-0
040
_c
Anchieta - Bela Vista
240
1
0
_a
Cachinhos dourados
_l
por
245
1
0
_a
Cachinhos dourados
440
1
_a
Ciranda Cultural
650
4
_a
Literatura infantil
942
_c
BK
999
_c
48737
_d
48737